| 000 | 00604nam a2200217Ia 4500 | ||
|---|---|---|---|
| 005 | 20260115173127.0 | ||
| 008 | 008 260114s9999 xx 000 0 eng d | ||
| 020 | _a9781474466240 | ||
| 037 | _aEBOOK | ||
| 040 |
_aCRL _beng _cCRL |
||
| 041 |
_aeng _2eng |
||
| 084 | _qCRL | ||
| 100 |
_aMcInally _9882699 |
||
| 245 | 0 | _aGeorge Strachan of the Mearns | |
| 260 | _bCambridge University Press | ||
| 260 | _bEdinburgh University Press | ||
| 260 | _c2020 | ||
| 856 | _uhttps://www.cambridge.org/core/product/identifier/9781474466240/type/BOOK | ||
| 942 | _cEBOOK | ||
| 999 |
_c1481306 _d1481306 |
||